Key concepts in health studies / (Record no. 9620)

MARC details
000 -LEADER
fixed length control field 00743nam a22002412 4500
001 - CONTROL NUMBER
control field 0000021251
005 - DATE AND TIME OF LATEST TRANSACTION
control field 20151217152228.0
008 - FIXED-LENGTH DATA ELEMENTS--GENERAL INFORMATION
fixed length control field 120207s xx 000 0 eng d
020 ## - INTERNATIONAL STANDARD BOOK NUMBER
International Standard Book Number 1848606746 :
040 ## - CATALOGING SOURCE
Original cataloging agency KABU
Transcribing agency KABU
100 1# - MAIN ENTRY--PERSONAL NAME
Personal name Yuill, Chris.
-- 0000182051
245 10 - TITLE STATEMENT
Title Key concepts in health studies /
Statement of responsibility, etc. Chris Yuill, Iain Crinson and Eilidh Duncan.
250 ## - EDITION STATEMENT
Edition statement 1st ed.
260 ## - PUBLICATION, DISTRIBUTION, ETC. (IMPRINT)
Place of publication, distribution, etc. London :
Name of publisher, distributor, etc. Sage,
Date of publication, distribution, etc. 2010.
300 ## - PHYSICAL DESCRIPTION
Extent viii, 178 p.
650 #0 - SUBJECT ADDED ENTRY--TOPICAL TERM
Topical term or geographic name as entry element Health
General subdivision Social aspects.
-- 0000182052
650 #0 - SUBJECT ADDED ENTRY--TOPICAL TERM
Topical term or geographic name as entry element Social medicine.
-- 0000163241
700 1# - ADDED ENTRY--PERSONAL NAME
Personal name Crinson, Iain.
-- 0000182053
700 1# - ADDED ENTRY--PERSONAL NAME
Personal name Duncan, Eilidh.
-- 0000182054
852 1# - LOCATION
-- p4158.40 KES
908 ## - PUT COMMAND PARAMETER (RLIN)
Put command parameter 120207
950 ## - LOCAL HOLDINGS (RLIN)
-- 1
Holdings
Withdrawn status Lost status Source of classification or shelving scheme Not for loan Home library Current library Date acquired Cost, normal purchase price Total Checkouts Total Renewals Full call number Barcode Date last seen Date last checked out Price effective from Koha item type
    Library of Congress Classification   Kabarak, Nakuru City Campus Kabarak, Nakuru City Campus 17/12/2015 4158.00 1 1 RA418 .Y85 2010 c. 1 20537 23/08/2022 26/07/2016 17/12/2015 General Collection
Designed with assistance from East African Informatics Ltd